駅名に「里」を含む駅 - Statistics

General Stats
  • This quiz has been taken 96 times
  • The average score is 23 of 88
Answer Stats
Hint Answer % Correct
伊万里市
75%
北杜市 清里
65%
横須賀市 久里浜
62%
横須賀市 京急久里浜
60%
稲沢市 大里
58%
里庄町 里庄
56%
伊万里市 伊万里
56%
斜里町 知床斜里
55%
富山市 千里
55%
津市 千里
55%
北区 上中里
49%
奥多摩町 古里
47%
豊中市 千里中央
47%
佐世保市 中里
47%
吹田市 北千里
45%
吉野ヶ里町 吉野ケ里公園
45%
横須賀市 北久里浜
42%
小樽市 朝里
40%
春日部市 武里
40%
荒川区 日暮里
40%
吹田市 南千里
40%
清里町 清里町
38%
荒川区 西日暮里
38%
中泊町 津軽中里
36%
市原市 里見
36%
札幌市 あいの里教育大
35%
湯沢町 越後中里
35%
摂津市 千里丘
35%
札幌市 あいの里公園
33%
さいたま市 七里
33%
大阪市 今里
33%
大阪市 今里
33%
斜里町 中斜里
31%
吹田市 千里山
31%
鎌倉市 七里ヶ浜
27%
大槌町 吉里吉里
25%
小諸市 美里
25%
泉佐野市 井原里
25%
東大阪市 八戸ノ里
25%
藤井寺市 土師ノ里
24%
姫路市 野里
24%
君津市 久留里
22%
名古屋市 鶴里
22%
南阿蘇村 南阿蘇水の生まれる里白水高原
22%
弘前市 新里
20%
桐生市 新里
20%
いなべ市 三里
20%
大津市 滋賀里
20%
大阪市 だいどう豊里
20%
貝塚市 近義の里
20%
寝屋川市 香里園
20%
松原市 高見ノ里
20%
富士見町 すずらんの里
18%
銚子市 下総豊里
16%
田尻町 吉見ノ里
16%
那智勝浦町 下里
16%
井原市 早雲の里荏原
16%
伊万里市 上伊万里
16%
那覇市 首里
16%
登米市 陸前豊里
15%
鮭川村 羽前豊里
15%
浅川町 里白石
15%
長野市 安茂里
15%
大阪市 文の里
15%
大阪市 岸里
15%
熊本市 西里
15%
那覇市 安里
15%
島田市 抜里
13%
京丹波町 安栖里
13%
大阪市 岸里玉出
13%
坂井市 西長田ゆりの里
11%
大田市 湯里
11%
諫早市 長里
11%
菊陽町 三里木
11%
大船渡市 綾里
9%
鹿角市 陸中大里
9%
尾鷲市 三木里
9%
和歌山市 二里ヶ浜
9%
備前市 伊里
9%
糸島市 加布里
9%
長崎市 茂里町
9%
諫早市 干拓の里
9%
白山市 陽羽里
7%
福井市 泰澄の里
7%
井原市 子守唄の里高屋
7%
加西市 播磨下里
5%
唐津市 佐里
4%
仙北市 羽後中里
2%
No matching quizzes found
Score Distribution
Percent of People with Each Score
Percentile by Number Answered
Your Score History
You have not taken this quiz